| 000 | 01269cam a2200337 i 4500 | ||
|---|---|---|---|
| 001 | 17857659 | ||
| 003 | PILC | ||
| 005 | 20150302075650.0 | ||
| 008 | 130820s2015 maua b 001 0 eng | ||
| 010 | _a 2013033948 | ||
| 020 | _a9780133578164 (hbk.) | ||
| 020 | _a013357816X (hbk.) | ||
| 040 |
_aDLC _beng _cDLC _erda |
||
| 042 | _apcc | ||
| 043 | _an-us--- | ||
| 050 | 0 | 0 |
_aKF 889 _b.C4333 2015 |
| 082 | 0 | 0 | _a346.7307 |
| 100 | 1 |
_aCheeseman, Henry R., _eauthor. |
|
| 245 | 1 | 0 |
_aContemporary business law / _cHenry R. Cheeseman, Professor Emeritus of Business Law, Marshall School of Business, University of Southern California. |
| 250 | _aEighth edition. | ||
| 260 |
_aBoston : _bPearson, _cc2015. |
||
| 300 |
_axxxii, 809 pages : _bcolor illustrations ; _c29 cm |
||
| 504 | _aIncludes bibliographical references and indexes. | ||
| 505 | 0 | _aLegal heritage and the information age -- Constitutional law for business and e-Commerce -- Courts and jurisdiction. | |
| 521 | _aBusiness Administration | ||
| 650 | 0 |
_aCommercial law _zUnited States. |
|
| 655 | 7 |
_aCasebooks _2lcgft |
|
| 906 |
_a7 _bcbc _corignew _d1 _eecip _f20 _gy-gencatlg |
||
| 942 |
_2lcc _cBK |
||
| 999 |
_c283664 _d283664 |
||